Central Europe in transition: towards EU membership

Na minha lista:
Detalhes bibliográficos
Outros Autores: Gorzelak, Grzegorz, Ehrlich, Eva, Falťan, Ľubomír, Illner, Michal
Formato: Livro
Idioma:inglês
Publicado em: Warszawa Scholar 2001
Assuntos:
Tags: Adicionar Tag
Sem tags, seja o primeiro a adicionar uma tag!

MARC

LEADER 00000nam$a2200000$$$4500
001 0022032
005 20240104133037.2
020 |a 83-88495-56-9 
041 0 |a eng 
044 |a PL 
245 1 0 |a Central Europe in transition: towards EU membership  |c edited by Grzegorz Gorzelak, Éva Ehrlich, Lubomír Faltan, Michal Illner 
264 1 |a Warszawa  |b Scholar  |c 2001 
300 |a 371 s. 
610 2 0 |a transformácia 
610 2 0 |a stredná Európa 
610 2 0 |a situácia hospodárska 
610 2 0 |a rozvoj hospodársky 
610 2 0 |a politika hospodárska 
610 2 0 |a rozvoj sociálny 
610 2 0 |a vzdelávanie 
610 2 0 |a veda 
610 2 0 |a technológia 
610 2 0 |a rozvoj regionálny 
610 2 0 |a porovnanie medzinárodné 
610 2 0 |a Slovensko 
610 2 0 |a Česko 
610 2 0 |a Poľsko 
610 2 0 |a Maďarsko 
700 1 |a Gorzelak, Grzegorz 
700 1 |a Ehrlich, Eva 
700 1 |a Falťan, Ľubomír 
700 1 |a Illner, Michal